Music Quiz

Random Music or Lyrics Quiz

Stone Temple Pilots: 'Plush' Lyrics Quiz Stats

 Plays Quiz not verified by Sporcle

Challenge
Share
Tweet
Embed
Score 0/251 Timer 10:00
0 Plays Today
Lyrics % Correct
And
99%
a
99%
And
99%
And
99%
And
99%
And
99%
and
99%
the
99%
And
99%
the
99%
And
99%
the
99%
And
99%
And
99%
And
99%
and
99%
the
99%
the
99%
the
99%
And
99%
and
99%
the
99%
the
99%
the
99%
I
98.7%
I
98.7%
I
98.7%
I
98.7%
I
98.7%
I
98.7%
I
98.7%
I
98.7%
I
98.7%
I
98.7%
I
98.7%
I
98.7%
I
98.7%
I
98.7%
I
98.7%
I
98.7%
to
96.7%
to
96.7%
to
96.7%
to
96.7%
to
96.7%
to
96.7%
To
96.7%
to
96.7%
to
96.7%
to
96.7%
To
96.7%
to
96.7%
to
96.7%
to
96.7%
to
96.7%
To
96.7%
to
96.7%
to
96.7%
to
96.7%
To
96.7%
to
96.7%
to
96.7%
feel
94.5%
feel
94.5%
feel
94.5%
feel,
94.5%
feel
94.5%
feel
94.5%
feel
94.5%
feel,
94.5%
feel
94.5%
feel,
94.5%
feel
94.5%
go
94.2%
ya
93.5%
ya
93.5%
ya
93.5%
ya
93.5%
ya
93.5%
ya
93.5%
ya
93.5%
you
93%
you
93%
it
92.5%
Lyrics % Correct
it
92.5%
it
92.5%
it
92.5%
it
92.5%
do
92.5%
it,
92.5%
it,
92.5%
it
92.5%
do
92.5%
it,
92.5%
it,
92.5%
it
92.5%
do
92.5%
it,
92.5%
it,
92.5%
it
92.5%
do
92.5%
it,
92.5%
it,
92.5%
it...
92.5%
tomorrow?
91.5%
tomorrow?
91.5%
tomorrow?
91.5%
tomorrow
91.5%
tomorrow
91.5%
tomorrow?
91.5%
tomorrow
91.5%
tomorrow
91.5%
where
91.2%
Where
91.2%
Where
91.2%
Where
91.2%
Where
91.2%
Where
91.2%
Where
91.2%
her
90.7%
her
90.7%
her
90.7%
her
90.7%
her
90.7%
her
90.7%
her
90.7%
When
90%
When
90%
When
90%
When
90%
When
90%
When
90%
When
90%
time,
89.7%
time,
89.7%
time,
89.7%
time,
89.7%
time,
89.7%
time,
89.7%
time,
89.7%
time
89.7%
for
89.2%
for
89.2%
for
89.2%
for
89.2%
for
89.2%
for
89.2%
dogs
89%
dogs
89%
dogs
89%
dogs
89%
dogs
89%
dogs
89%
dogs
89%
that
87.7%
So
87.7%
that
87.7%
that
87.7%
so
87.7%
So
87.7%
that
87.7%
that
87.7%
that
87.7%
going
87.5%
going
87.5%
going
87.5%
going
87.5%
going
87.5%
Lyrics % Correct
going
87.5%
going
87.5%
smell
86.5%
smell
86.5%
smell
86.5%
smell
86.5%
smell
86.5%
smell
86.5%
she
86%
she
86%
she
86%
she
86%
find
84.7%
find
84.7%
find
84.7%
find
84.7%
find
84.7%
find
84.7%
find
84.7%
find
84.7%
find
84.7%
find
84.7%
find
84.7%
find
84.7%
find
84.7%
find
84.7%
find
84.7%
find
84.7%
begin
84.2%
begin
84.2%
begin
84.2%
are
80.2%
are
80.2%
see
78.7%
see
78.7%
on
78.4%
found?
78.2%
found?
78.2%
found?
78.2%
wait
77.9%
wait
77.9%
wait
77.9%
wait
77.9%
even
77.7%
even
77.7%
these
77.4%
in
77.4%
these
77.4%
with
76.9%
with
76.9%
with
76.9%
care?
76.7%
care?
76.7%
time's
76.2%
Got
75.9%
Got
75.9%
Got
75.9%
Got
75.9%
weather
75.2%
alone?
74.7%
alone?
74.7%
alone?
74.7%
Would
74.4%
of
74.4%
Would
74.4%
much
73.2%
feels
72.7%
mask
71.9%
mask
71.9%
mask
71.9%
depends
71.7%
eyes
70.4%
Will
69.9%
Will
69.9%
Will
69.9%
your
68.9%
bedroom?
68.7%
is
68.4%
disarray
66.4%
come
62.9%
raining
59.4%
wasted
57.9%
lies
54.6%

You're not logged in!

Compare scores with friends on all Sporcle quizzes.
Join for Free
OR
Log In

You Might Also Like...

Show Comments

Extras

Top Quizzes Today


Score Distribution

Your Account Isn't Verified!

In order to create a playlist on Sporcle, you need to verify the email address you used during registration. Go to your Sporcle Settings to finish the process.

Report this User

Report this user for behavior that violates our Community Guidelines.

Details: